Population (Continent) | Country |
582,603,000 (Asia) | China | | 100% | 361,152,000 (Asia) | India | | 99.5% | 154,178,000 (N. America) | United States | | 95.8% | *200,200,000 (Europe/Asia) | Soviet Union | | 92.7% | 91,250,000 (Asia) | Japan | | 89.1% | 60,000,000 (S. America) | Brazil | | 86.5% | 51,455,000 (Europe) | United Kingdom | | 86.5% | 80,000,000 (Asia) | Indonesia | | 84.9% | 30,538,000 (N. America) | Mexico | | 83.3% | 50,024,000 (Europe) | Italy | | 82.8% | 43,854,000 (Europe) | France | | 82.8% | 29,089,000 (Europe) | Spain | | 82.3% | *51,295,000 (Europe) | West Germany | | 80.2% | 75,842,000 (Asia) | Pakistan | | 79.7% | 24,112,000 (Asia/Europe) | Turkey | | 79.7% | 27,500,000 (Europe) | Poland | | 78.6% | 22,812,000 (Asia) | Thailand | | 70.3% | 20,058,000 (S. America) | Argentina | | 70.3% | 17,048,000 (N. America) | Canada | | 66.1% | *18,837,000 (Europe) | Yugoslavia | | 64.1% | 21,526,000 (Asia) | South Korea | | 61.5% | 13,000,000 (S. America) | Colombia | | 60.9% | 18,900,000 (Asia) | Persia (now Iran) | | 58.3% | 17,490,000 (Europe) | Romania | | 57.3% | 21,039,000 (Asia) | Philippines | | 56.3% | 11,095,000 (Europe) | Netherlands | | 54.7% | *17,300,000 (Europe) | East Germany | | 54.2% | *13,410,000 (Europe) | Czechoslovakia | | 54.2% | 10,213,000 (S. America) | Peru | | 53.6% | 9,747,000 (Oceania) | Australia | | 53.6% | 17,000,000 (Africa) | Ethiopia | | 52.1% | 12,671,000 (Africa) | Union of South Africa | | 51.6% | 19,000,000 (Asia) | Burma (now Myanmar) | | 49.5% |
|
Population (Continent) | Country |
8,951,000 (Europe) | Belgium | | 46.4% | 6,872,000 (S. America) | Chile | | 46.4% | 6,039,000 (S. America) | Venezuela | | 46.4% | *26,307,000 (Africa/Asia) | United Arab Republic (now Egypt & Syria) | | 45.8% | 9,845,000 (Europe) | Hungary | | 45.3% | 8,654,000 (Europe) | Portugal | | 45.3% | 7,600,000 (Europe) | Greece | | 43.2% | 6,125,000 (N. America) | Cuba | | 42.7% | 7,341,000 (Europe) | Sweden | | 42.2% | 6,969,000 (Europe) | Austria | | 41.7% | 7,629,000 (Europe) | Bulgaria | | 41.1% | *12,500,000 (Asia) | South Vietnam | | 40.6% | *13,500,000 (Asia) | North Vietnam | | 40.1% | 3,990,000 (S. America) | Bolivia | | 39.6% | 3,907,000 (S. America) | Ecuador | | 39.1% | 3,000,000 (S. America) | Uruguay | | 39.1% | 1,000 (Europe) | Vatican City | | 37.5% | 4,448,000 (Europe) | Denmark | | 37% | 2,276,000 (Oceania) | New Zealand | | 37% | 1,408,000 (S. America) | Paraguay | | 36.5% | 6,000 (Europe) | Andorra | | 36.5% | 5,160,000 (Europe) | Switzerland | | 35.4% | 20,000 (Europe) | Monaco | | 35.4% | 4,356,000 (Europe) | Finland | | 34.9% | 15,000 (Europe) | Liechtenstein | | 34.9% | 14,000 (Europe) | San Marino | | 34.9% | 11,000,000 (Asia) | Afghanistan | | 34.4% | 3,112,000 (N. America) | Haiti | | 34.4% | 2,788,000 (N. America) | Guatemala | | 33.3% | 10,000,000 (Africa) | Morocco | | 32.8% | 8,338,000 (Asia) | Nepal | | 32.3% | 6,538,000 (Asia) | Iraq | | 32.3% | 10,263,000 (Africa) | Sudan | | 31.8% |
|
Population (Continent) | Country |
3,511,000 (Europe) | Norway | | 31.8% | 2,704,000 (N. America) | Dominican Republic | | 31.8% | 314,000 (Europe) | Luxembourg | | 31.8% | 2,400,000 (N. America) | El Salvador | | 30.7% | 2,898,000 (Europe) | Ireland | | 29.7% | 1,224,000 (N. America) | Nicaragua | | 29.2% | 1,000,000 (N. America) | Costa Rica | | 29.2% | 1,750,000 (N. America) | Honduras | | 28.6% | 5,250,000 (Asia) | Saudi Arabia | | 28.1% | 960,000 (N. America) | Panama | | 28.1% | 8,133,000 (Asia) | Ceylon (now Sri Lanka) | | 27.6% | 6,500,000 (Asia) | North Korea | | 26% | 1,394,000 (Europe) | Albania | | 26% | 167,000 (Europe) | Iceland | | 26% | 7,591,000 (Asia) | Taiwan | | 24.5% | 4,500,000 (Asia) | Cambodia | | 24% | 1,976,000 (Asia) | Israel | | 21.9% | 4,691,000 (Africa) | Ghana | | 21.4% | 2,000,000 (Asia) | Laos | | 20.3% | 1,600,000 (Africa) | Liberia | | 20.3% | 4,000,000 (Asia) | Yemen | | 19.8% | 3,800,000 (Africa) | Tunisia | | 19.3% | 1,430,000 (Asia) | Lebanon | | 18.8% | 700,000 (Asia) | Bhutan | | 18.8% | 4,000,000 (Asia) | Mongolia | | 16.7% | 1,400,000 (Asia) | Jordan | | 16.1% | 550,000 (Asia) | Muscat and Oman (now Oman) | | 16.1% | 125,000 (Asia) | Bahrain | | 16.1% | 80,000 (Asia) | Trucial States (now UAE) | | 16.1% | 35,000 (Asia) | Qatar | | 16.1% | 206,000 (Asia) | Kuwait | | 15.6% | 1,091,000 (Africa) | Libya | | 13% |
|
Comments